LEADER 01199cam0-2200361---450 001 990005611820403321 005 20230329103739.0 035 $a000561182 035 $aFED01000561182 035 $a(Aleph)000561182FED01 035 $a000561182 100 $a19990604d1981----km-y0itay50------ba 101 0 $aita 102 $aIT 105 $aa---b---001yy 200 1 $aCatalogo sommario della Galleria Colonna in Roma$edipinti$fa cura di Eduard A. Safarik$gcon la collaborazione di Gabriello Milantoni$gpremesse di Federico Zeri e Fabrizio Lemme 210 $aBusto Arsizio$cBramante$d1981 215 $a157 p.$cill.$d25 cm 610 0 $aRoma$aGalleria Colonna 676 $a708.5632$v19$zita 702 1$aLemme,$bFabrizio$f<1936- > 702 1$aMilantoni,$bGabriello 702 1$aSafarik,$bEduard A. 702 1$aZeri,$bFederico$f<1921-1998> 710 02$aGalleria Colonna$0216529 801 0$aIT$bUNINA$gREICAT$2UNIMARC 901 $aBK 912 $a990005611820403321 952 $a707.51 SAFE 01$bBIBL. 58464$fFLFBC 952 $a707.51 SAFE 01 bis$bBibl.59215$fFLFBC 959 $aFLFBC 996 $aCatalogo sommario della Galleria Colonna in Roma$9295762 997 $aUNINA LEADER 01633nas--2200361-n-450 001 990008979750403321 005 20240229084532.0 011 $a0218-1967 035 $a000897975 035 $aFED01000897975 035 $a(Aleph)000897975FED01 035 $a000897975 091 $2CNR$aP 00110095 100 $a20161109a19919999km-y0itaa50------ba 101 0 $aeng 102 $aSG 110 $aauu-------- 200 1 $aInternational journal of algebra and computation 207 1$a1991- 210 $aSingapore$cWorld Scientific 530 0 $aInternational journal of algebra and computation 675 $a512 676 $a512.05 801 0$aIT$bACNP$c20090723 859 4 $uhttp://acnp.cib.unibo.it/cgi-ser/start/it/cnr/dc-p1.tcl?catno=916426&person=false&language=ITALIANO&libr=&libr_th=unina1$zBiblioteche che possiedono il periodico 901 $aSE 912 $a990008979750403321 958 $aBiblioteca "Carlo Miranda" del Dipartimento di Matematica e Applicazioni "Renato Caccioppoli" Università Federico II$b2005-2006;$ePER. 402$fMA1 959 $aMA1 996 $aInternational journal of algebra and computation$9793596 997 $aUNINA AP1 8 $6866-01$aNA014 Biblioteca "Carlo Miranda" del Dipartimento di Matematica e Applicazioni "Renato Caccioppoli" Università Federico II$bPER. 402$ev. Cintia-Monte Sant'Angelo, 80126 Napoli (NA)$m081-675749/675738/675848$m081-675746 opp.7662106$nit AP2 40$aacnp.cib.unibo.it$nACNP Italian Union Catalogue of Serials$uhttp://acnp.cib.unibo.it/cgi-ser/start/it/cnr/df-p.tcl?catno=916426&language=ITALIANO&libr=&person=&B=1&libr_th=unina&proposto=NO